000 00433nam a2200181Ia 4500
001 4250
005 20260306145742.0
008 260306t2003||||xx |||||||||||||| ||spa||
041 _aESP
082 _a320.0985
_bT36
100 _aOrtiz Sotelo, Jorge (Ed.)
_eAUT
245 0 _aTemas de pensamiento político
260 _c2003
300 _a133 páginas :
_c21 cm.
650 _aGEN
654 _aCDE
942 _cLIB
_dJUS
_fJUS
_2ddc
_n
999 _c4250
_d4250